Technológia I (výroba maltovín a betónu) pre 3. ročník SPŠ stavebných /

Hlavní autor: Sýkora, Vladislav
Další autoři: May, Jan
Jazyk: Slovenština
Vydáno: Bratislava : Alfa, 1986
Vydání: 1. vydanie
Edice: Edícia stavebníckej literatúry (Alfa)
Fyzický popis: 300 stran ; 8°
Knihy
Uloženo v:
LEADER 01141nam a22003252i 4500
001 001504977
003 CZ BrMZK
005 20160518123151.0
007 ta
008 160114s1986 xo er|||||||||||slo d
040 |a BOA001  |b cze  |e rda 
041 1 |a slo  |h cze 
080 9 |a 69(075.3):377.35 
100 1 |a Sýkora, Vladislav  |7 jk01122220  |4 aut 
240 1 0 |a Technológie I (výroba maltovin a betonu) pro 2. ročník SPŠ stavebních hmot.  |l Slovensky 
245 1 0 |a Technológia I (výroba maltovín a betónu) pre 3. ročník SPŠ stavebných /  |c Vladislav Sýkora a Jan May 
250 |a 1. vydanie 
264 1 |a Bratislava :  |b Alfa,  |c 1986 
300 |a 300 stran ;  |c 8° 
336 |a text  |b txt  |2 rdacontent 
337 |a bez média  |b n  |2 rdamedia 
338 |a svazek  |b nc  |2 rdacarrier 
490 1 |a Edícia stavebníckej literatúry 
500 |a Přeloženo z češtiny 
700 1 |a May, Jan  |7 jk01080934  |4 aut 
830 0 |a Edícia stavebníckej literatúry (Alfa)  |0 s 
910 |a BOA001  |b M2-0903.272 
990 |a BK 
991 |b 201601 
996 7 |b 2619142983  |c M2-0903.272  |l MZK  |r Sklad / do 24 hodin  |n 0  |w 001540022  |u 000010  |a 1  |e BOA001  |j MZK50  |s A